Fixed mobile convergence [ voice over Wi-Fi, IMS, UMA/GAN, femtocells, and other enablers

Bibliographic Details
Main Authors: Shneyderman, Alex , 1968- (Author), Casati, Alessio , 1970- (Author)
Format: Book
Language:English
Published: New York : McGraw-Hill , c2008
Subjects:
Online Access:McGraw Hill

MARC

LEADER 00000cam a2200000 7i4500
001 0000087621
005 20150312093000.0
008 141113s2008 nyu eng
020 |a 0071486062 
020 |a 0071589384 (e-book) 
020 |a 9780071486064 
020 |a 9780071589383 (e-book) 
050 0 0 |a TK5105.8865   |b .S56 2008 
090 0 0 |a TK5105.8865   |b .S56 2008 
100 1 |a Shneyderman, Alex ,   |d 1968- ,   |e author 
245 1 0 |a Fixed mobile convergence [  |h electronic resource] :   |b voice over Wi-Fi, IMS, UMA/GAN, femtocells, and other enablers   |c Alex Shneyderman, Alessio Casati 
260 |a New York :   |b McGraw-Hill ,   |c c2008 
300 |a 1 online resource (xvi, 272 p.) :   |b ill 
504 |a Includes bibliographical references (p. 247-256) and index 
505 0 |a 1. Introduction to convergence -- 2. Business of FMC -- 3. The F in FMC -- 4. The M in FMC -- 5. The C in FMC -- 6. FMC impact on services and user experience -- 7. Looking ahead -- 8. FMC standards 
650 0 |a Cell phone systems 
650 0 |a Convergence (Telecommunication) 
650 0 |a Internet telephony 
650 0 |a Mobile communication systems 
650 0 |a Telephone 
650 0 |a Telephone systems   |x Standards 
650 0 |a Wireless metropolitan area networks 
700 1 |a Casati, Alessio ,   |d 1970- ,   |e author 
856 4 0 |3 McGraw Hill   |u http://mhebooklibrary.com/doi/pdf/10.1036/0071486062 
999 |a 1000163173   |b Electronic Book   |c Electronic Resource   |e Gong Badak Campus